[Event "Catalunya-chT Gp2"]
[Site "Barcelona"]
[Date "2022.01.29"]
[Round "2.3"]
[White "Lorenzo de la Riva, Lazaro"]
[Black "Pogorelov, Ruslan"]
[Result "1-0"]
[WhiteElo "2429"]
[BlackElo "2334"]
[PlyCount "97"]
[EventDate "2022.01.22"]
[EventType "team-tourn"]
[EventRounds "9"]
[EventCountry "ESP"]
[SourceTitle "CBM 206 Extra"]
[Source "ChessBase"]
[SourceDate "2022.03.31"]
[SourceVersion "1"]
[SourceVersionDate "2022.03.31"]
[SourceQuality "1"]
[WhiteTeam "Barbera"]
[BlackTeam "Salauris"]
[WhiteTeamCountry "ESP"]
[BlackTeamCountry "ESP"]

1. e4 c5 2. Nf3 Nc6 3. d4 cxd4 4. Nxd4 Qc7 5. Nc3 e6 6. Be3 a6 7. g4 b5 8. Nxc6 Qxc6 9. Qd2 b4 10. Ne2 Nf6 11. f3 h6 12. 0-0-0 Bb7 13. Nd4 Qc7 14. Bd3 e5 15. Nb3 d5 16. exd5 Nxd5 17. Be4 0-0-0 18. Qe2 Be7 19. Bxd5 Rxd5 20. Rxd5 Bxd5 21. Qxa6+ Qb7 22. Qd3 Rd8 23. Rf1 Be6 24. Qe2 Rd5 25. f4 exf4 26. Bxf4 Qc6 27. h3 Bf6 28. Kb1 Qb5 29. Qg2 Kd7 30. Rg1 Qc6 31. Qf2 Ke8 32. h4 Qb5 33. Bc1 Qc6 34. g5 hxg5 35. hxg5 Be5 36. g6 f6 37. Qh4 Bg8 38. Qxb4 Rb5 39. Qa4 Rb6 40. Qa7 Qb7 41. Qa4+ Qc6 42. Qh4 Ra6 43. a3 Ra4 44. Qh8 Kf8 45. Rd1 Qc7 46. Be3 Rc4 47. Bc5+ Rxc5 48. Nxc5 Qxc5 49. Rd8+ 1-0

[Event "Palma de Mallorca op"]
[Site "Palma de Mallorca"]
[Date "2021.11.26"]
[Round "5"]
[White "Pogorelov, Ruslan"]
[Black "Aroshidze, Levan"]
[Result "1/2-1/2"]
[WhiteElo "2338"]
[BlackElo "2532"]
[PlyCount "37"]
[EventDate "2021.11.22"]
[EventType "swiss"]
[EventRounds "7"]
[EventCountry "ESP"]
[SourceTitle "CBM 205 Extra"]
[Source "ChessBase"]
[SourceDate "2022.01.31"]
[SourceVersion "1"]
[SourceVersionDate "2022.01.31"]
[SourceQuality "1"]

1. Nf3 d5 2. d4 Nf6 3. c4 c6 4. Nc3 e6 5. e3 Nbd7 6. Qc2 Bd6 7. b3 0-0 8. Be2 b6 9. Bb2 Bb7 10. 0-0 Qe7 11. Rad1 Rad8 12. e4 Nxe4 13. Nxe4 dxe4 14. Qxe4 Rfe8 15. Ne5 f5 16. Qf3 Nxe5 17. dxe5 Bc5 18. Bc3 a5 19. Qf4 1/2-1/2

[Event "Palma de Mallorca op"]
[Site "Palma de Mallorca"]
[Date "2021.11.24"]
[Round "3"]
[White "Maalla, Abdessadek"]
[Black "Pogorelov, Ruslan"]
[Result "0-1"]
[WhiteElo "2094"]
[BlackElo "2338"]
[PlyCount "33"]
[EventDate "2021.11.22"]
[EventType "swiss"]
[EventRounds "7"]
[EventCountry "ESP"]
[SourceTitle "CBM 205 Extra"]
[Source "ChessBase"]
[SourceDate "2022.01.31"]
[SourceVersion "1"]
[SourceVersionDate "2022.01.31"]
[SourceQuality "1"]

1. Nf3 c5 2. g3 Nc6 3. Bg2 g6 4. 0-0 Bg7 5. c4 b6 6. Nc3 Bb7 7. a3 d6 8. Rb1 Qd7 9. b4 e6 10. e3 Nge7 11. Qe2 0-0 12. Rd1 Rac8 13. d4 cxd4 14. exd4 Nf5 15. Be3 Nxe3 16. Qxe3 Qe7 17. c5 0-1

[Event "Seville GM"]
[Site "Seville"]
[Date "2021.07.09"]
[Round "8"]
[White "Pogorelov, Ruslan"]
[Black "Grigoryan, Karen H"]
[Result "0-1"]
[WhiteElo "2343"]
[BlackElo "2647"]
[PlyCount "49"]
[EventDate "2021.07.05"]
[EventType "tourn"]
[EventRounds "9"]
[EventCountry "ESP"]
[EventCategory "6"]
[SourceTitle "CBM 203 Extra"]
[Source "ChessBase"]
[SourceDate "2021.09.30"]
[SourceVersion "1"]
[SourceVersionDate "2021.09.30"]
[SourceQuality "1"]

1. Nf3 c5 2. c4 Nc6 3. d4 cxd4 4. Nxd4 Nf6 5. Nc3 e6 6. a3 Bc5 7. Nb3 Be7 8. e4 b6 9. f4 0-0 10. Be2 Bb7 11. Be3 d6 12. 0-0 Rc8 13. Rc1 Nd7 14. Bf3 Nc5 15. Nd2 Bf6 16. Ndb1 Na5 17. b4 Nxc4 18. Bf2 Nb2 19. Qd2 Ncd3 20. e5 Bxf3 21. exf6 Nxc1 22. fxg7 Re8 23. Qxb2 Nd3 24. Qd2 Nxf2 25. gxf3 0-1

[Event "Barcelona IM 02"]
[Site "Barcelona"]
[Date "2021.02.21"]
[Round "6"]
[White "Hernandez, Cristian Andres"]
[Black "Pogorelov, Ruslan"]
[Result "1-0"]
[WhiteElo "2355"]
[BlackElo "2346"]
[PlyCount "70"]
[EventDate "2021.02.16"]
[EventType "tourn"]
[EventRounds "9"]
[EventCountry "ESP"]
[SourceTitle "CBM 200 Extra"]
[Source "ChessBase"]
[SourceDate "2021.03.31"]
[SourceVersion "1"]
[SourceVersionDate "2021.03.31"]
[SourceQuality "1"]

1. d4 Nf6 2. Nf3 e6 3. c4 Bb4+ 4. Nbd2 0-0 5. a3 Bxd2+ 6. Qxd2 b6 7. e3 Bb7 8. Be2 d6 9. 0-0 Nbd7 10. b4 Ne4 11. Qc2 f5 12. Bb2 Ng5 13. Nd2 Qe7 14. f3 c5 15. Rad1 cxd4 16. Bxd4 e5 17. Bb2 f4 18. exf4 Rxf4 19. Bd3 Raf8 20. Bc1 Rh4 21. Rde1 Ne6 22. Be4 Nf6 23. Bxb7 Qxb7 24. g3 Rh5 25. Ne4 Nd4 26. Qg2 Nxe4 27. fxe4 Rxf1+ 28. Rxf1 Qe7 29. c5 dxc5 30. g4 Rh6 31. Bxh6 gxh6 32. bxc5 bxc5 33. Qa2+ Kg7 34. Kh1 h5 35. gxh5 Kh6 1-0

[Event "Barcelona IM 02"]
[Site "Barcelona"]
[Date "2021.02.17"]
[Round "2"]
[White "Pogorelov, Ruslan"]
[Black "Orantes Taboada, Francisco"]
[Result "1-0"]
[WhiteElo "2346"]
[BlackElo "2261"]
[PlyCount "111"]
[EventDate "2021.02.16"]
[EventType "tourn"]
[EventRounds "9"]
[EventCountry "ESP"]
[SourceTitle "CBM 200 Extra"]
[Source "ChessBase"]
[SourceDate "2021.03.31"]
[SourceVersion "1"]
[SourceVersionDate "2021.03.31"]
[SourceQuality "1"]

1. Nf3 Nf6 2. c4 c5 3. Nc3 d5 4. cxd5 Nxd5 5. d4 Nxc3 6. bxc3 g6 7. e4 Bg7 8. Be3 0-0 9. Qd2 Qa5 10. Rb1 b6 11. Rb5 Qa4 12. Rb3 Bd7 13. Be2 Rd8 14. 0-0 Bc6 15. Bd3 e6 16. Qb2 cxd4 17. cxd4 Qa5 18. Rc1 Be8 19. Ra3 Qh5 20. Rac3 Qa5 21. e5 Bc6 22. Rxc6 Nxc6 23. Rxc6 Rac8 24. Rxc8 Rxc8 25. Bd2 Qd5 26. Qb3 Qd7 27. h4 Rd8 28. Bb5 Qb7 29. Qd3 Qd5 30. Bc4 Qc6 31. Bb3 b5 32. h5 a6 33. hxg6 hxg6 34. Qe3 Qc7 35. Bb4 Bf8 36. Bxf8 Rxf8 37. d5 exd5 38. Bxd5 Kg7 39. g3 Qe7 40. Qf4 f6 41. exf6+ Rxf6 42. Qd4 Qc7 43. Kg2 Qb6 44. Qe4 Qc5 45. Nd4 Qd6 46. Ne6+ Kf7 47. Nf4+ Kg7 48. Bb3 Rf5 49. Qb7+ Kh6 50. Qc8 Qf8 51. Qxa6 Rxf4 52. gxf4 Qxf4 53. Qe6 Qg5+ 54. Kf3 Qh5+ 55. Qg4 Qh1+ 56. Ke2 1-0

[Event "Barcelona IM 10"]
[Site "Barcelona"]
[Date "2020.10.12"]
[Round "7"]
[White "Pogorelov, Ruslan"]
[Black "Jimenez Ruano, Adrian"]
[Result "0-1"]
[WhiteElo "2362"]
[BlackElo "2292"]
[PlyCount "76"]
[EventDate "2020.10.06"]
[EventType "tourn"]
[EventRounds "9"]
[EventCountry "ESP"]
[EventCategory "3"]
[SourceTitle "CBM 198 Extra"]
[Source "ChessBase"]
[SourceDate "2020.11.30"]
[SourceVersion "1"]
[SourceVersionDate "2020.11.30"]
[SourceQuality "1"]

1. c4 Nf6 2. Nc3 e6 3. Nf3 d5 4. d4 Bb4 5. e3 0-0 6. a3 Bxc3+ 7. bxc3 b6 8. cxd5 exd5 9. Bd3 c5 10. dxc5 bxc5 11. c4 Ba6 12. Qc2 Nbd7 13. cxd5 c4 14. Be2 Nb6 15. 0-0 Qxd5 16. Bb2 Ne4 17. Bd4 Rac8 18. Rfd1 Qe6 19. a4 Rfe8 20. Rab1 Nd5 21. Ne5 Ndf6 22. f3 Nd6 23. e4 Red8 24. Qc3 Nh5 25. Bf1 f6 26. Ng4 Rd7 27. Ne3 Nf4 28. g3 Nd3 29. Nd5 Nf7 30. Nf4 Qd6 31. Be3 Nfe5 32. Be2 Qe7 33. Qa5 Bb7 34. Bxd3 cxd3 35. Qb4 Nxf3+ 36. Kf2 Qxe4 37. Qxe4 Bxe4 38. Rb2 Nxh2 0-1